| 000 | 00425nam a2200109Ia 4500 | ||
|---|---|---|---|
| 008 | 170221s9999 xx 000 0 und d | ||
| 100 | _aThomas J. Stipanowich | ||
| 245 | _aIn Quest of the Arbitration Trifecta, or Closed Door Litigation?: The Delaware Arbitration Program | ||
| 245 | _cThomas J. Stipanowich | ||
| 650 | _xBusiness | ||
| 856 | _uhttp://digitalcommons.pepperdine.edu/cgi/viewcontent.cgi?article=1097&context=jbel | ||
| 999 |
_c307671 _d307671 |
||